书目信息 |
| 题名: |
明诗别裁集
|
|
| 作者: | 沈德潜 , 周准 编 | |
| 分册: | ||
| 出版信息: | 上海 上海古籍出版社 2013.08 |
|
| 页数: | 340页 | |
| 开本: | 21cm | |
| 丛书名: | ||
| 单 册: | ||
| 中图分类: | I222.748 | |
| 科图分类: | ||
| 主题词: | 古典诗歌--诗集--中国--明代 , 古典诗歌 | |
| 电子资源: | ||
| ISBN: | 978-7-5325-6925-0 | |
| 000 | 00981nam0 2200265 450 | |
| 001 | 0020131000121 | |
| 005 | 20140610083948.92 | |
| 010 | @a978-7-5325-6925-0@b精装@dCNY39.00 | |
| 100 | @a20131120d2013 em y0chiy0110 ea | |
| 101 | 0 | @achi |
| 102 | @aCN@b310000 | |
| 105 | @ay z 000gy | |
| 106 | @ar | |
| 200 | 1 | @a明诗别裁集@9ming shi bie cai ji@f(清)沈德潜,(清)周准编 |
| 210 | @a上海@c上海古籍出版社@d2013.08 | |
| 215 | @a340页@d21cm | |
| 330 | @a本书共收录诗人340位,诗作1000余首,是在“温柔敦厚”诗教思想指导下成编的。其选诗取材比较广泛,不“因人存诗”,不收“雷同沿袭、浮艳淫靡”之作,对一些不知名的诗人诗作亦有采录,大体上反映了明代诗歌之概貌。通过此书,读者可较全面了解有明诗歌之状况。 | |
| 333 | @a诗歌爱好者 | |
| 606 | 0 | @a古典诗歌@x诗集@y中国@z明代 |
| 606 | 0 | @a古典诗歌 |
| 690 | @aI222.748@v5 | |
| 701 | 0 | @c(清)@a沈德潜@9shen de qian@4编 |
| 701 | 0 | @c(清)@a周准@9zhou zhun@4编 |
| 801 | 0 | @aCN@b人天书店@c20131120 |
| 905 | @b847096-98@dI222.748@e539@f3 | |
| 明诗别裁集/(清)沈德潜,(清)周准编.-上海:上海古籍出版社,2013.08 |
| 340页;21cm |
| 使用对象:诗歌爱好者 |
| ISBN 978-7-5325-6925-0(精装):CNY39.00 |
| 本书共收录诗人340位,诗作1000余首,是在“温柔敦厚”诗教思想指导下成编的。其选诗取材比较广泛,不“因人存诗”,不收“雷同沿袭、浮艳淫靡”之作,对一些不知名的诗人诗作亦有采录,大体上反映了明代诗歌之概貌。通过此书,读者可较全面了解有明诗歌之状况。 |
| ● |
| 相关链接 |
|
|
|
|
正题名:明诗别裁集
索取号:I222.748/539
 
预约/预借
| 序号 | 登录号 | 条形码 | 馆藏地/架位号 | 状态 | 备注 |
| 1 | 847096 | 208470965 | 第一样本阅览室/ [索取号:I222.748/539] | 在馆 | |
| 2 | 847097 | 208470974 | 第二借阅区/ [索取号:I222.748/539] | 在馆 | |
| 3 | 847098 | 208470983 | 第二借阅区/ [索取号:I222.748/539] | 在馆 |